00407nam a2200133Ia 4500008004100000082001500041100001900056245004600075260001800121600001300139942000700152952009700159999001700256241002s9999 xx 000 0 und d a297.65 NUM aNumani, Shibli 0aOmar the Great The Second Cliph of Islami aLahore:c1961 aReligion cUC 00104070aUITUbUITUd1994-01-01l0o297.65 NUMpUC39r2024-10-02 09:31:06w2024-10-02yUC c18366d18366